Normal view
MARC view
Entry Geographic Name
001 - CONTROL NUMBER
- control field: 25892
003 - CONTROL NUMBER IDENTIFIER
- control field: ARRUPE
005 - DATE AND TIME OF LATEST TRANSACTION
- control field: 20160916083626.0
008 - FIXED-LENGTH DATA ELEMENTS
- fixed length control field: 160916|| aca||aabn | a|a d
040 ## - CATALOGING SOURCE
- Original cataloging agency: ARRUPE
- Transcribing agency: ARRUPE
151 ## - HEADING--GEOGRAPHIC NAME
- Geographic name: Congo (Democratic Republic)
- General subdivision: Social life and customs.
670 ## - SOURCE DATA FOUND
- Source citation: Work cat.: (ARRUPE)0: Balandier, Georges. 25890, Daily life in the Kingdom of the Kongo from the sixteenth to the eighteenth century., [1968]